[Event "GER-chT WK U18 4th"]
[Site "Kiel"]
[Date "2008.05.31"]
[Round "3.4"]
[White "Adler, Konrad"]
[Black "Aghamoradi, Shervin"]
[Result "1-0"]
[WhiteElo "1202"]
[BlackElo "800"]
[PlyCount "33"]
[EventDate "2008.05.31"]
[EventType "team-swiss"]
[EventRounds "7"]
[EventCountry "GER"]
[SourceTitle "EXT 2010"]
[Source "ChessBase"]
[SourceDate "2010.11.25"]
[SourceVersion "1"]
[SourceVersionDate "2010.11.25"]
[SourceQuality "1"]

1. e4 e5 2. Nc3 Nf6 3. f4 exf4 4. e5 Ng8 5. Nf3 Bc5 6. Bc4 d6 7. d4 Bb4 8. Bxf4 Bg4 9. 0-0 Nc6 10. Qe1 f6 11. exd6+ Nce7 12. dxe7 Nxe7 13. Qe4 Rb8 14. Nd5 f5 15. Qe5 Rg8 16. Nxc7+ Kd7 17. Qe6# 1-0